000 01510cam a22003134a 4500
999 _c26710
_d26710
001 16313843
003 OSt
005 20170206101256.0
008 100702s2010 nyua 001 0 eng
010 _a 2010028294
020 _a1883584655
040 _aDLC
_cDLC
043 _an-us-ny
050 0 0 _aNA2750 .S92 2010
082 0 0 _a720.71/17471
_222
245 0 4 _aThe Studio-X New York guide to liberating new forms of conversation /
_cedited by Gavin Browning ; afterword by Mark Wigley.
250 _a1st ed.
260 _aNew York :
_bGraduate School of Architecture, Planning, and Preservation, Columbia University,
_c2010.
300 _a193 p. :
_bill. (some col.) ;
_c22 cm.
500 _aIncludes index.
650 0 _aCommunication in architectural design
_zNew York (State)
_zNew York.
650 0 _aForums (Discussion and debate)
_zNew York (State)
_zNew York.
650 0 _aArchitecture
_xStudy and teaching (Graduate)
_zNew York (State)
_zNew York.
700 1 _aBrowning, Gavin.
710 2 _aColumbia University.
_bGraduate School of Architecture, Planning, and Preservation.
906 _a7
_bcbc
_corignew
_d1
_eecip
_f20
_gy-gencatlg
942 _2lcc
_cBOOKS
_hNA2750 .S92 2010
_k34382